A.L.A. cataloguing rules for author and title entries / (Record no. 133760)

MARC details
000 -LEADER
fixed length control field 00674nam a22002417a 4500
005 - DATE AND TIME OF LATEST TRANSACTION
control field 20170124110215.0
010 ## - LIBRARY OF CONGRESS CONTROL NUMBER
LC control number 171818
020 ## - INTERNATIONAL STANDARD BOOK NUMBER
Terms of availability 00.00
035 ## - SYSTEM CONTROL NUMBER
System control number 171818
037 ## - SOURCE OF ACQUISITION
Source of stock number/acquisition Cen Lib/Ret
040 ## - CATALOGING SOURCE
Original cataloging agency DPL
Language of cataloging EN
082 ## - DEWEY DECIMAL CLASSIFICATION NUMBER
Classification number 025.32
Item number ALA
245 ## - TITLE STATEMENT
Title A.L.A. cataloguing rules for author and title entries /
Statement of responsibility, etc edited by Clara Beetle
250 ## - EDITION STATEMENT
Edition statement 2nd ed
260 ## - PUBLICATION, DISTRIBUTION, ETC. (IMPRINT)
Name of publisher, distributor, etc American Library Association
Place of publication, distribution, etc Chicago
Date of publication, distribution, etc 1949
270 ## - ADDRESS
City Chicago
300 ## - PHYSICAL DESCRIPTION
Extent xxi,265p.
Dimensions 23cm(Hb)
500 ## - GENERAL NOTE
General note Includes index<br/>
650 ## - SUBJECT ADDED ENTRY--TOPICAL TERM
Topical term or geographic name as entry element Cataloging
9 (RLIN) 73667
650 ## - SUBJECT ADDED ENTRY--TOPICAL TERM
Topical term or geographic name as entry element Library science
9 (RLIN) 73668
700 ## - ADDED ENTRY--PERSONAL NAME
Personal name Beetle, Clara
9 (RLIN) 38837
942 ## - ADDED ENTRY ELEMENTS (KOHA)
Source of classification or shelving scheme Dewey Decimal Classification
Koha item type English Books
Classification part 025.32
Call number suffix ALA
Holdings
Withdrawn status Lost status Damaged status Not for loan Collection code Home library Current library Date acquired Source of acquisition Cost, normal purchase price Total Checkouts Full call number Barcode Date last seen Copy number Cost, replacement price Price effective from Koha item type
      Not For Loan Reference Central Library Central Library 27/07/2015 Cen Lib/Ret 0.00   025.32 ALA 171818 27/07/2015 1 0.00 27/07/2015 English Books

© Delhi Public Library
Hit Counter
free hit counter